000 00639nam a2200253 a 4500
001 14336
003 BD-JhCC
005 20250304114139.0
008 250302b19852018e a|||| ||a| 001 0 eng d
020 _a9780241337547
035 _a(BD-JhCC)14336
040 _aBD-JhCC
_dBD-JhCC
041 _aenglish
082 _a809
_bBAL 2018
100 _a Baldwin,James
245 _aDark Days /
_cJames Baldwin.
260 _aNew York:
_bPenguin Books;
_c2018.
300 _a64 p. :
_c16 cm.
490 _aPenguin Modern: 38
500 _aPenguin Modern: 38
650 _aLiterary History & Criticism.
942 _2ddc
_cBK
999 _c14336
_d14336